000 00381 a2200157 4500
001 167193
020 _a
040 _cMagnum
100 _aKozel, Salete
240 1 0 _aDidatica de geografia: memoria da terra: o espaco vivido
_lpor
245 1 0 _aDidatica de geografia: memoria da terra: o espaco vivido
362 0 _a1899
440 1 _aFTD
697 _aENSINO
942 _cBK
999 _c167193
_d167193